000 01302nam a22003857a 4500
003 CHAP
005 20220329132921.0
008 971013s1989 r 00010 d
010 _a228
011 _a1200
035 _a376
040 _cCHAP
090 _aTesis
100 0 0 _aArchila Cordon, Walter.
_96794
245 _aEvaluación nutritiva de maíz y sorgo forrajero ensilado con excreta y melaza
260 _aMontecillo, Méx. :
_bEl autor,
_c1989
300 _a113 h.
502 _aTesis (M.C. Esp. en Ganadería) -- CP. Centro de Ganadería
590 _aALEPH
_b10
_c20130110
_lUCH01
_h1204
590 _aBATCH-UPD
_b10
_c20130110
_lUCH01
_h0124
590 _aBATCH-UPD
_b10
_c20130110
_lUCH01
_h1244
590 _aBATCH-UPD
_b10
_c20130409
_lUCH01
_h2119
590 _aBATCH-UPD
_b10
_c20130410
_lUCH01
_h0808
590 _aBATCH-UPD
_b10
_c20130914
_lUCH01
_h1310
590 _aCONVERSION
_b10
_c20130109
_lUCH01
_h1302
650 1 4 _aEnsilaje.
_937102
650 1 4 _aEstiércol de vaca como forraje.
_938328
650 1 4 _aMaíz como forraje.
_971109
650 1 4 _aMelaza en alimentación animal.
_974315
650 1 4 _aSorgo como forraje.
_9108743
901 _aBK
942 _cFOLL
949 _bBC
_cTES
_d-9820
_eTS1
_h22575
_i376
_si
949 _bBC
_cTES
_d33724000904835
_eTS2
_fc.2
_h22576
_i376
_si
999 _c228
_d228